Творчість Яра Славутича (Запис № 426574)

МАРК-запис
000 -LEADER
fixed length control field 00827nam a22002417a 4500
001 - CONTROL NUMBER
control field 46503
003 - CONTROL NUMBER IDENTIFIER
control field UA-OsUOA
005 - DATE AND TIME OF LATEST TRANSACTION
control field 20230206120223.0
007 - PHYSICAL DESCRIPTION FIXED FIELD--GENERAL INFORMATION
fixed length control field ta
008 - FIXED-LENGTH DATA ELEMENTS--GENERAL INFORMATION
fixed length control field 20120227b un ||||| |||| 00| 0 ukr d
040 ## - CATALOGING SOURCE
Original cataloging agency UA-OsUOA
Language of cataloging ukr
Transcribing agency UA-OsUOA
Modifying agency UA-OsUOA
041 ## - LANGUAGE CODE
Language code of text/sound track or separate title ukr
080 ## - UNIVERSAL DECIMAL CLASSIFICATION NUMBER
Universal Decimal Classification number 82(477)
090 ## - LOCALLY ASSIGNED LC-TYPE CALL NUMBER (OCLC); LOCAL CALL NUMBER (OCLC)
Classification number (OCLC) (R) ; Classification number, CALL (RLIN) (NR) 82(477)
Local cutter number (OCLC) ; Book number/undivided call number, CALL (RLIN) Т28
245 ## - TITLE STATEMENT
Title Творчість Яра Славутича
Remainder of title статті і рецензії
Statement of responsibility, etc упор. В. Жила
260 ## - PUBLICATION, DISTRIBUTION, ETC. (IMPRINT)
Place of publication, distribution, etc Едмонтон
Name of publisher, distributor, etc Видання Ювілейного комітету
Date of publication, distribution, etc 1978
300 ## - PHYSICAL DESCRIPTION
Extent 431 с.
650 #7 - SUBJECT ADDED ENTRY--TOPICAL TERM
Topical term or geographic name as entry element 82 Література. Літературознавство
Source of heading or term UDC
942 ## - ADDED ENTRY ELEMENTS (KOHA)
Koha item type Книги
Source of classification or shelving scheme Universal Decimal Classification
955 ## - COPY-LEVEL INFORMATION (RLIN)
Classification number, CCAL (RLIN) Науково-популярні видання
Фонди
Withdrawn status Lost status Source of classification or shelving scheme Damaged status Not for loan Home library Current library Date acquired Source of acquisition Cost, normal purchase price Inventory number Total Checkouts Full call number Barcode Date last seen Price effective from Koha item type
    Universal Decimal Classification     Наукова бібліотека ІДУД Наукова бібліотека ІДУД 27/02/2012 267/2012 1.00 2132997   82(477) Т28 2132997 14/09/2019 27/02/2012 Книги
    Universal Decimal Classification     Наукова бібліотека ІДУД Наукова бібліотека ІДУД 18/02/2008 165/2008 1.00 2127730   081 Т28 2127730 15/09/2019 18/02/2008 Книги
    Universal Decimal Classification     Наукова бібліотека ІДУД Наукова бібліотека ІДУД 10/06/2008 110/2007 1.00 2128682   82 (477) Т28 2128682 15/09/2019 10/06/2008 Книги